000 01270nam a2200349 a 4500
001 000112339
003 CHAP
005 20220329144258.0
008 160303s2015 mx a fsm |||||||spa d
010 _a108800
011 _a109772
040 _cCHAP
090 _aTesis
100 1 _aNevárez Favela, María Magdalena
_9130579
245 1 0 _aSimulación del escurrimiento en una cuenca del norte árido de México mediante el modelo WEAP /
_h[En línea]
_cpor María Magdalena Nevárez Favela.
260 _aBermejillo, Dgo. :
_bEl autor,
_c2015.
500 _aPara ver el contenido del material haga clic en la liga
502 _aTesis (Ing. en Sistemas Agrícolas) -- UACH. Unidad Regional Universitaria de Zonas Áridas
590 _aE5995AHE
_b05
_c20160303
_lUCH01
_h0931
590 _aE5995AHE
_b05
_c20160303
_lUCH01
_h0958
590 _aE5995AHE
_b05
_c20160303
_lUCH01
_h1234
590 _aE5995AHE
_b05
_c20160303
_lUCH01
_h1235
650 1 4 _aCalibración.
_917482
650 1 4 _aCambios climáticos
_zMéxico.
_9129734
650 1 4 _aCuencas.
_930085
650 1 4 _aEscurrimiento.
_937675
650 1 4 _aSimulación.
_9106523
856 _aFinding aid
_uhttp://10.13.5.2/tesis/sist112339.pdf
_zTeclea aquí
901 _aBK
942 _cTESIS
942 _n0
999 _c108800
_d108800